000 00522nam a2200181Ia 4500
008 230917s9999||||xx |||||||||||||| ||und||
020 _cUSD99.95
040 _e229265
_aMAIN
041 _aEnglish
082 _a595.7 H851I(3)
100 _aHoy, Marjorie
245 0 _aInsect molecular genetics: An introduction to principles and application
250 _a3rd ed.
260 _aAmsterdam
_bAcademic Press
_c2013
300 _axxvii, 808 p.
500 _a2173 09/11/2015 IBS15/263 16/11/2015 Main Budget
942 _cBK
999 _c16606
_d16606